000 00345nam a22001577a 4500
005 20160629170137.0
008 160629b xxu||||| |||| 00| 0 eng d
020 _a81-902416-1-3
041 _aeng
082 _b10865
100 _aBansal, S.C.
_93240
245 _aInvisible Wound
300 _a330
650 _aManagement
_9241
942 _cBK
999 _c4773
_d4771